[Event "8 Player Open 8"]
[Site "SchemingMind.com"]
[Date "2014.07.16"]
[Round "-"]
[White "alexyongpohweng"]
[Black "simpet"]
[Result "0-1"]
[WhiteCountry "MAS"]
[BlackCountry "ENG"]
[WhiteElo "1148"]
[WhiteRD "51"]
[BlackElo "1637"]
[BlackRD "64"]
[GameID "361566"]

1. e4 e5 2. Qh5 Nc6 3. Bc4 Qf6 4. Qf3 Qxf3 5. Nxf3 h6 6. O-O Bc5 7. a3 Nf6 8. b4 Bb6 9. b5 Na5 10. Nxe5 Nxc4
11. d3 Nxe5 12. a4 a6 13. bxa6 Rxa6 14. Nc3 O-O 15. Nb5 c6 16. Nc3 d6
0-1

[Event "8 Player Open 8"]
[Site "SchemingMind.com"]
[Date "2014.07.16"]
[Round "-"]
[White "simpet"]
[Black "alexyongpohweng"]
[Result "1-0"]
[WhiteCountry "ENG"]
[BlackCountry "MAS"]
[WhiteElo "1637"]
[WhiteRD "64"]
[BlackElo "1148"]
[BlackRD "51"]
[GameID "361567"]

1. e4 e5 2. Nf3 d6 3. Bc4 Bg4 4. O-O Bxf3 5. Qxf3 Nf6 6. Nc3 Nc6 7. Nd5 Nxd5 8. Bxd5 Qf6 9. Qxf6 gxf6 10. f4 Nd4
11. Bxb7 Rb8 12. Bd5 Nxc2 13. Rb1 exf4 14. Rxf4 Nd4 15. Kf2 Ke7 16. d3= c6 17. Bc4
1-0

[Event "8 Player Open 8"]
[Site "SchemingMind.com"]
[Date "2014.07.16"]
[Round "-"]
[White "alexyongpohweng"]
[Black "Scooter"]
[Result "0-1"]
[WhiteCountry "MAS"]
[BlackCountry "USA"]
[WhiteElo "1148"]
[WhiteRD "51"]
[BlackElo "1706"]
[BlackRD "48"]
[GameID "361600"]

1. e4 c6 2. d4 d5 3. e5 Bf5 4. Nf3 e6 5. g3 Nd7 6. Bg2 c5 7. O-O cxd4 8. Qxd4 Bxc2 9. Nc3 Bc5 10. Qd2 Bg6
11. Na4 Ne7 12. Nxc5 Nxc5 13. Nd4 O-O 14. f3 Nd3 15. Ne2 Nxe5 16. Qb4 b6 17. Bf4 Nd3 18. Qd2 Nxf4 19. gxf4 Rc8 20. Rac1 Nf5
21. Rxc8 Qxc8 22. Rc1 Qb7 23. Qc3 Nh4 24. Kf2 Nf5 25. Qb3 Nd6 26. a4 Nc4 27. Nd4 Rc8 28. Nb5 a6 29. Bf1 axb5 30. Bxc4 Rxc4
0-1

[Event "8 Player Open 8"]
[Site "SchemingMind.com"]
[Date "2014.07.16"]
[Round "-"]
[White "Scooter"]
[Black "alexyongpohweng"]
[Result "1-0"]
[WhiteCountry "USA"]
[BlackCountry "MAS"]
[WhiteElo "1706"]
[WhiteRD "48"]
[BlackElo "1148"]
[BlackRD "51"]
[GameID "361601"]

1. d4 d5 2. Nf3 Nf6 3. Bf4 g6 4. e3 Bg7 5. Be2 O-O 6. O-O Bg4 7. Nbd2 Bxf3 8. Nxf3 Nc6 9. h3 e6 10. c4 dxc4
11. Bxc4 a6 12. Rc1 Na5 13. b4 Nc6 14. a3 b5 15. Bxe6 fxe6 16. Rxc6 Ra7 17. Ng5 Nd5 18. Nxe6 Qe8 19. Nxf8 Qxc6 20. Nxg6 hxg6
21. Qb3 Qe6 22. Bg3 Qf7 23. Rc1 Nf6 24. Qxf7+ Kxf7 25. Bxc7 Nd7 26. Bg3 Nf6 27. Kf1 Nd5 28. Ke2 Nf6 29. Rc6 Ne4 30. Bb8 Re7
31. Rxa6 Nf6 32. Be5 Nd7 33. Bxg7 Kxg7 34. Ra7 Kf6 35. Rb7 Ke6 36. Rxb5
1-0

[Event "8 Player Open 8"]
[Site "SchemingMind.com"]
[Date "2014.07.16"]
[Round "-"]
[White "Scooter"]
[Black "simpet"]
[Result "1-0"]
[WhiteCountry "USA"]
[BlackCountry "ENG"]
[WhiteElo "1759"]
[WhiteRD "45"]
[BlackElo "1650"]
[BlackRD "60"]
[GameID "361602"]

1. d4 Nf6 2. Nf3 d5 3. Bf4 e6 4. e3 Bd6 5. Bxd6 Qxd6 6. c3 O-O 7. Bd3 Nbd7 8. O-O Ng4 9. Bxh7+ Kxh7 10. Ng5+ Kg8
11. Qxg4 Nf6 12. Qe2 g6 13. Nd2 Kg7 14. e4 e5 15. exd5 exd4 16. cxd4 Ng4 17. Ndf3 Rh8 18. h3 Nf6 19. Ne4 Qxd5 20. Nxf6 Kxf6
21. Qe5+ Qxe5 22. dxe5+ Kg7 23. Rad1 Be6 24. b3 c5 25. Ng5 Bf5 26. g4 Be6 27. Nxe6+ Kg8 28. Ng5 Kg7 29. Rd7 Rhf8 30. Rxb7
1-0

[Event "8 Player Open 8"]
[Site "SchemingMind.com"]
[Date "2014.07.16"]
[Round "-"]
[White "simpet"]
[Black "Scooter"]
[Result "0-1"]
[WhiteCountry "ENG"]
[BlackCountry "USA"]
[WhiteElo "1650"]
[WhiteRD "60"]
[BlackElo "1759"]
[BlackRD "45"]
[GameID "361603"]

1. e4 c6 2. d4 d5 3. e5 Bf5 4. Bd3 Bxd3 5. Qxd3 e6 6. Nf3 Nd7 7. Bg5 Be7 8. Bxe7 Nxe7 9. O-O O-O 10. Ng5 Nf5
11. f4 Qb6 12. c3 Qxb2 13. Nd2 Qb6 14. Qh3 h6 15. Ndf3 c5 16. Rab1 Qa6 17. Rf2 b6 18. g3 Qd3 19. Rb3 c4 20. Ra3 Qe3
21. Qf1 hxg5 22. Nxg5 Nxd4 23. Qh3 Ne2+ 24. Kg2 Nxf4+ 25. gxf4 Qxh3+ 26. Kxh3 Nc5 27. Kg2 Nd3 28. Rf1 b5 29. Nf3 Nxf4+ 30. Kh1 Nd3
31. Nd4 a6 32. Nc6 g6 33. Nb4 Nxe5 34. Rxa6 Rxa6 35. Nxa6 Nd3 36. Nb4 Nxb4 37. cxb4 Ra8
0-1

[Event "8 Player Open 8"]
[Site "SchemingMind.com"]
[Date "2014.07.16"]
[Round "-"]
[White "alexyongpohweng"]
[Black "howardjp"]
[Result "0-1"]
[WhiteCountry "MAS"]
[BlackCountry "USA"]
[WhiteElo "1148"]
[WhiteRD "51"]
[BlackElo "1482"]
[BlackRD "132"]
[GameID "361604"]

1. e4 e5 2. Qh5 Nf6 3. Qxe5+ Be7 4. d3 O-O 5. Qg3 c6 6. Qf3 d5 7. exd5 Bb4+ 8. c3 Bd6 9. dxc6 bxc6 10. Be2 Nbd7
11. Nh3 Ne5 12. Qe3 Qb6 13. Qxb6 axb6 14. Nf4 Bc5 15. d4 Bd6 16. dxe5 Bxe5 17. Nd3 Ba6 18. Nxe5 Bc8 19. Nxc6 Bd7
0-1

[Event "8 Player Open 8"]
[Site "SchemingMind.com"]
[Date "2014.07.17"]
[Round "-"]
[White "howardjp"]
[Black "alexyongpohweng"]
[Result "1-0"]
[WhiteCountry "USA"]
[BlackCountry "MAS"]
[WhiteElo "1482"]
[WhiteRD "132"]
[BlackElo "1148"]
[BlackRD "51"]
[GameID "361605"]

1. e4 e5 2. d3 h6 3. Be2 Nf6 4. Nf3 d6 5. O-O Be7 6. b4 O-O 7. a4 Bg4 8. Nc3 c6 9. b5 Bd7 10. d4 exd4
11. Nxd4 c5 12. Nc6 bxc6 13. bxc6 Bxc6 14. Bd3 Na6 15. Qf3 Nb4 16. e5 Bxf3 17. gxf3 dxe5 18. Bf5
1-0

[Event "8 Player Open 8"]
[Site "SchemingMind.com"]
[Date "2014.07.16"]
[Round "-"]
[White "Scooter"]
[Black "howardjp"]
[Result "1-0"]
[WhiteCountry "USA"]
[BlackCountry "USA"]
[WhiteElo "1759"]
[WhiteRD "45"]
[BlackElo "1568"]
[BlackRD "178"]
[GameID "361606"]

1. d4 e5 2. dxe5 c6 3. Nf3 Qa5+ 4. Bd2 Qd5 5. Nc3 Qe6 6. e3 Bc5 7. Ne4 d5 8. Nxc5 Qh6 9. e4 Qh5 10. Be2 Nf6
11. exf6 gxf6 12. exd5 O-O 13. O-O cxd5 14. Nd4 Qg6 15. Bd3 Qg7 16. Bf5 Nd7 17. Bxd7 Bxd7 18. Nxd7 Rad8 19. Nxf8 a5 20. Nfe6 Qg6
21. Nxd8 b5 22. Nxb5 f5 23. Bxa5 Qa6 24. Qxd5 Qxa5 25. Qxf7+ Kh8 26. Qf6+ Kg8 27. Ne6 Qb6 28. Qg7#
1-0

[Event "8 Player Open 8"]
[Site "SchemingMind.com"]
[Date "2014.07.16"]
[Round "-"]
[White "howardjp"]
[Black "Scooter"]
[Result "0-1"]
[WhiteCountry "USA"]
[BlackCountry "USA"]
[WhiteElo "1568"]
[WhiteRD "178"]
[BlackElo "1759"]
[BlackRD "45"]
[GameID "361607"]

1. Nf3 Nf6 2. e4 e5 3. Bb5 Nc6 4. d3 d6 5. O-O Bd7 6. Nc3 g6 7. Bg5 Bg7 8. d4 O-O 9. a4 Qc8 10. dxe5 Nxe5
11. Be2 Nxf3+ 12. Bxf3 Re8 13. Qd4 Nxe4 14. Bxe4 Bxd4 15. Rad1 Bxc3 16. bxc3 Rxe4 17. Rd5 Qe8 18. a5 Re5 19. Rd4 Rxg5 20. Rb4 Rb5
21. Rh4 Rg5 22. Rb4 Bh3 23. Rbb1 Bxg2 24. Rbe1 Qc6 25. h4 Bh1+ 26. Kh2 Qg2#
0-1

[Event "8 Player Open 8"]
[Site "SchemingMind.com"]
[Date "2014.07.16"]
[Round "-"]
[White "simpet"]
[Black "howardjp"]
[Result "1-0"]
[WhiteCountry "ENG"]
[BlackCountry "USA"]
[WhiteElo "1637"]
[WhiteRD "64"]
[BlackElo "1482"]
[BlackRD "132"]
[GameID "361608"]

1. e4 e5 2. Nf3 Bc5 3. Nc3 Nf6 4. Bc4 O-O 5. O-O d6 6. d4 exd4 7. Nxd4 d5 8. exd5 b5 9. Ncxb5 c6 10. Nxc6 Qd7
11. Nxb8 Rxb8 12. a4 Bb7 13. Nc3 Qf5 14. Be3 Bd6 15. Bd3 Qd7 16. Qf3 Rbc8 17. Bg5 Bxd5 18. Nxd5 Qe6 19. Bxf6 Rc5 20. c4 Bb8
21. b4 Qd6 22. g3 h5 23. bxc5 Qxc5 24. Qxh5 Rd8 25. Qh7+ Kf8 26. Qh8#
1-0

[Event "8 Player Open 8"]
[Site "SchemingMind.com"]
[Date "2014.07.16"]
[Round "-"]
[White "howardjp"]
[Black "simpet"]
[Result "0-1"]
[WhiteCountry "USA"]
[BlackCountry "ENG"]
[WhiteElo "1487"]
[WhiteRD "116"]
[BlackElo "1658"]
[BlackRD "61"]
[GameID "361609"]

1. Nf3 c5 2. e4 Nc6 3. Bb5 Qb6 4. O-O e5 5. d3 Qxb5 6. c4 Qb6 7. b4 Bd6 8. bxc5 Bxc5 9. Bg5 d6 10. a4 f6
11. d4 Nxd4 12. Nfd2 fxg5 13. a5 Qc7 14. Qh5+ g6 15. Qxg5 Bd7 16. a6 b6 17. Nf3 Nxf3+ 18. gxf3 Qd8 19. f4 Qxg5+ 20. fxg5 O-O-O
21. Nc3 Ne7 22. Na4 Bxa4 23. Rxa4 Nc6 24. Kg2 Rhf8 25. Raa1 Nd4 26. Rfe1 Nc2 27. f4 Rxf4 28. Red1 Nxa1 29. Rxa1 Rxe4 30. Rf1 Rxc4
31. Rf7 Rd7 32. Rf8+ Kc7 33. Ra8 b5 34. Kf3 e4+ 35. Ke2 Re7 36. Rh8 Kb6 37. h4 d5 38. h5 Kxa6 39. h6 Rc2+ 40. Kd1 Rf2
41. Ke1 e3 42. Rg8 Bb4+ 43. Kd1 e2+ 44. Kc2 e1=Q+ 45. Kb3 Qe3+ 46. Kxb4 Re4#
0-1

[Event "8 Player Open 8"]
[Site "SchemingMind.com"]
[Date "2014.07.17"]
[Round "-"]
[White "Scooter"]
[Black "SAMAEL"]
[Result "0-1"]
[WhiteCountry "USA"]
[BlackCountry "CAN"]
[WhiteElo "1706"]
[WhiteRD "48"]
[BlackElo "1763"]
[BlackRD "52"]
[GameID "361651"]

1. d4 d5 2. Bf4 e6 3. Nf3 Nf6 4. e3 Be7 5. Nbd2 Nc6 6. Bb5 Bd7 7. O-O O-O 8. h3 a6 9. Bxc6 Bxc6 10. Re1 h6
11. a3 Rc8 12. Ne5 Bd7 13. c4 c6 14. c5 Nh7 15. Qg4 Kh8 16. Ndf3 Nf6 17. Qg3 Nh7 18. b4 g5 19. Nxd7 gxf4 20. Qxf4 Qxd7
21. Qxh6 Bf6 22. Ne5 Bxe5 23. dxe5 Rg8 24. Rad1 Rg6 25. Qh5 Rcg8 26. g3 Qe7 27. h4 f6 28. exf6 Qxf6 29. Rd4 Rh6 30. Rf4 Rxh5
0-1

[Event "8 Player Open 8"]
[Site "SchemingMind.com"]
[Date "2014.07.18"]
[Round "-"]
[White "SAMAEL"]
[Black "Scooter"]
[Result "1-0"]
[WhiteCountry "CAN"]
[BlackCountry "USA"]
[WhiteElo "1763"]
[WhiteRD "52"]
[BlackElo "1706"]
[BlackRD "48"]
[GameID "361652"]

1. d4 Nf6 2. Nf3 g6 3. c4 Bg7 4. e3 O-O 5. Be2 d6 6. O-O Bg4 7. h3 Bxf3 8. Bxf3 c6 9. Nc3 Nbd7 10. Bd2 e5
11. d5 cxd5 12. cxd5 a6 13. e4 Nc5 14. Be3 b5 15. a3 Rc8 16. Rc1 Re8 17. g3 Qa5 18. b4 Qxa3 19. bxc5 dxc5 20. Qd2 b4
21. Nb1 Qa5 22. Rc4 Qc7 23. Rfc1 Bf8 24. Rxb4
1-0

[Event "8 Player Open 8"]
[Site "SchemingMind.com"]
[Date "2014.07.17"]
[Round "-"]
[White "simpet"]
[Black "SAMAEL"]
[Result "0-1"]
[WhiteCountry "ENG"]
[BlackCountry "CAN"]
[WhiteElo "1658"]
[WhiteRD "61"]
[BlackElo "1775"]
[BlackRD "48"]
[GameID "361653"]

1. e4 e5 2. Nf3 d6 3. Bc4 h6 4. Nc3 Nf6 5. O-O Be7 6. Nd5 Nxe4 7. Nxe7 Qxe7 8. d3 Nf6 9. Re1 Be6 10. Bxe6 fxe6
11. d4 exd4 12. Nxd4 e5 13. Nf5 Qf7 14. b3 Nbd7 15. Be3 b6 16. c4 O-O-O 17. a4 a5 18. Qf3 Nb8 19. Red1 Rhf8 20. Ng3 Qd7
21. c5 bxc5 22. Bxc5 Qc6 23. Qxc6 Nxc6 24. Ba3 Rf7 25. Rac1 Nd4 26. Rc3 Nh5 27. Rd2 Nxg3 28. hxg3 Kd7 29. b4 axb4 30. Bxb4 Ke8
31. a5 Rb8 32. Ba3 c5 33. Ra2 Ra7
0-1

[Event "8 Player Open 8"]
[Site "SchemingMind.com"]
[Date "2014.07.17"]
[Round "-"]
[White "SAMAEL"]
[Black "simpet"]
[Result "0-1"]
[WhiteCountry "CAN"]
[BlackCountry "ENG"]
[WhiteElo "1775"]
[WhiteRD "48"]
[BlackElo "1658"]
[BlackRD "61"]
[GameID "361654"]

1. e4 e5 2. Nf3 Nc6 3. Be2 Bc5 4. d3 Nd4 5. Nxe5 d6 6. Nf3 Nf6 7. O-O O-O 8. Nxd4 Bxd4 9. Nc3 c6 10. Bd2 Be6
11. b3 Qb6 12. h3 Rfe8 13. Rb1 Rad8 14. Na4 Qc7 15. c3 Bb6 16. Nxb6 Qxb6 17. Kh1 Bc8 18. Be3 Qa5 19. Qc2 b5 20. Bd2 Qc7
21. f4 Rf8 22. d4 d5 23. e5 Ne4 24. Be1 f6 25. Bd3 fxe5 26. Bxe4 dxe4 27. Qxe4 exd4 28. cxd4 Bf5
0-1

[Event "8 Player Open 8"]
[Site "SchemingMind.com"]
[Date "2014.07.17"]
[Round "-"]
[White "SAMAEL"]
[Black "howardjp"]
[Result "1-0"]
[WhiteCountry "CAN"]
[BlackCountry "USA"]
[WhiteElo "1775"]
[WhiteRD "48"]
[BlackElo "1487"]
[BlackRD "116"]
[GameID "361655"]

1. c4 Nf6 2. Nf3 e5 3. e4 d5 4. exd5 Bb4 5. a3 Ba5 6. b4 Bb6 7. c5 Qxd5 8. cxb6 cxb6 9. Nc3 Qe6 10. Be2 O-O
11. O-O Qf5 12. h3 e4 13. Nh2 Qg5 14. d3 Qg6 15. Kh1 Nbd7 16. dxe4 Nxe4 17. Nxe4 Qxe4 18. Bf3 h6 19. Bxe4 Nf6 20. Bf3 Bf5
21. Bxb7 Rae8 22. Bb2 Re7 23. Bf3 a5 24. Bxf6 gxf6 25. bxa5 Ree8 26. axb6 h5 27. Bxh5 Rd8 28. Qf3 Rb8 29. Qxf5 Rbe8 30. Rfe1 Rb8
31. Qxf6 Rfe8 32. Bxf7+ Kf8 33. Bxe8+ Kg8 34. Re7 Ra8 35. Qg7#
1-0

[Event "8 Player Open 8"]
[Site "SchemingMind.com"]
[Date "2014.07.17"]
[Round "-"]
[White "howardjp"]
[Black "SAMAEL"]
[Result "0-1"]
[WhiteCountry "USA"]
[BlackCountry "CAN"]
[WhiteElo "1487"]
[WhiteRD "116"]
[BlackElo "1775"]
[BlackRD "48"]
[GameID "361656"]

1. Nf3 Nf6 2. e4 d6 3. Bc4 e6 4. O-O Nxe4 5. Nc3 Nxc3 6. dxc3 d5 7. Bb5+ Bd7 8. Qd4 Bxb5 9. Bg5 f6 10. c4 Bxc4
11. Bf4 Bxf1 12. Rxf1 Be7 13. Qa4+ c6 14. Be3 a6 15. Qb3 b5 16. Qd3 O-O 17. Nd4 Qd7 18. Bf4 e5 19. a4 exd4 20. axb5 axb5
21. Qxd4 Ra4 22. Qe3 Re8 23. b3 Re4 24. Qd2 Bd6 25. Bg3 Bxg3 26. hxg3 Re2 27. Qd1 Qf5 28. c3 Qe5 29. Kh2 Re1 30. Rxe1 Qxe1
31. Qh5 Re5 32. Qg4 f5 33. Qh5 Qxf2 34. g4 Re2 35. gxf5 Qxg2#
0-1

[Event "8 Player Open 8"]
[Site "SchemingMind.com"]
[Date "2014.07.20"]
[Round "-"]
[White "alexyongpohweng"]
[Black "Talis"]
[Result "0-1"]
[WhiteCountry "MAS"]
[BlackCountry "LTU"]
[WhiteElo "1203"]
[WhiteRD "51"]
[BlackElo "2405"]
[BlackRD "126"]
[GameID "361755"]

1. e4 e5 2. Nf3 f5 3. Nxe5 Qf6 4. Nd3 fxe4 5. Nc5 Qe5 6. Nb3 d5 7. Be2 Nf6 8. O-O Bd6 9. g3 Bh3 10. Re1 O-O
11. d3 Nc6 12. Nc3 Qf5 13. dxe4 dxe4 14. Bc4+ Kh8 15. Bf4 Bxf4 16. Bf1 Rad8 17. Qe2 Ne5 18. Bxh3 Qxh3 19. gxf4 Nf3+
0-1

[Event "8 Player Open 8"]
[Site "SchemingMind.com"]
[Date "2014.07.20"]
[Round "-"]
[White "Talis"]
[Black "alexyongpohweng"]
[Result "1-0"]
[WhiteCountry "LTU"]
[BlackCountry "MAS"]
[WhiteElo "2405"]
[WhiteRD "126"]
[BlackElo "1203"]
[BlackRD "51"]
[GameID "361756"]

1. e4 e5 2. Nf3 d6 3. d4 exd4 4. Nxd4 Nf6 5. Nc3 Be7 6. Bf4 O-O 7. Qd2 c5 8. Ndb5 a6 9. Nxd6 Bxd6 10. Bxd6 Re8
11. O-O-O Bd7 12. e5 Nh5 13. Nd5 Be6 14. Nc7 Ra7 15. Nxe8 Qxe8 16. Bxb8 Qxb8 17. Qd8+
1-0

[Event "8 Player Open 8"]
[Site "SchemingMind.com"]
[Date "2014.07.19"]
[Round "-"]
[White "Talis"]
[Black "Scooter"]
[Result "1-0"]
[WhiteCountry "LTU"]
[BlackCountry "USA"]
[WhiteElo "2377"]
[WhiteRD "131"]
[BlackElo "1774"]
[BlackRD "48"]
[GameID "361757"]

1. d4 Nf6 2. Bg5 e6 3. e4 h6 4. Bxf6 gxf6 5. Nc3 Bb4 6. Qf3 b6 7. O-O-O Bb7 8. d5 Bxc3 9. Qxc3 Na6 10. Bxa6 Bxa6
11. Nh3 Rg8 12. dxe6 fxe6 13. Nf4
1-0

[Event "8 Player Open 8"]
[Site "SchemingMind.com"]
[Date "2014.07.19"]
[Round "-"]
[White "Scooter"]
[Black "Talis"]
[Result "0-1"]
[WhiteCountry "USA"]
[BlackCountry "LTU"]
[WhiteElo "1774"]
[WhiteRD "48"]
[BlackElo "2377"]
[BlackRD "131"]
[GameID "361758"]

1. d4 Nf6 2. Nf3 c5 3. e3 d5 4. c3 Qc7 5. Bb5+ Bd7 6. Bxd7+ Nbxd7 7. O-O e6 8. Nbd2 Bd6 9. h3 O-O 10. Re1 Rad8
11. e4 cxd4 12. Nxd4 dxe4 13. Nxe4 Nxe4 14. Rxe4 Nc5 15. Re1 Bh2+
0-1

[Event "8 Player Open 8"]
[Site "SchemingMind.com"]
[Date "2014.07.20"]
[Round "-"]
[White "Talis"]
[Black "simpet"]
[Result "1-0"]
[WhiteCountry "LTU"]
[BlackCountry "ENG"]
[WhiteElo "2405"]
[WhiteRD "126"]
[BlackElo "1650"]
[BlackRD "60"]
[GameID "361759"]

1. e4 e5 2. Bc4 Bc5 3. Qh5 Qe7 4. Nf3 Nf6 5. Qxe5 Qxe5 6. Nxe5 O-O 7. f3 d6 8. Nd3 Bb6 9. Nf4 Nc6 10. c3 Na5
11. Na3 Nxc4 12. Nxc4 Re8 13. Nxb6 axb6 14. d4 c5 15. Kf2 Be6 16. d5 Bd7 17. g4 h6 18. h4 Nxg4+ 19. fxg4 Bxg4 20. Rg1 Bd7
21. Nh5 Kf8 22. Bf4 Rxe4 23. Bxd6+ Ke8 24. Nf6+ Kd8 25. Nxe4
1-0

[Event "8 Player Open 8"]
[Site "SchemingMind.com"]
[Date "2014.07.20"]
[Round "-"]
[White "simpet"]
[Black "Talis"]
[Result "0-1"]
[WhiteCountry "ENG"]
[BlackCountry "LTU"]
[WhiteElo "1650"]
[WhiteRD "60"]
[BlackElo "2405"]
[BlackRD "126"]
[GameID "361760"]

1. e4 c6 2. d4 d5 3. e5 Bf5 4. Bd3 Bxd3 5. Qxd3 e6 6. Nf3 Nd7 7. O-O Ne7 8. Bg5 Qb6 9. b3 c5 10. c3 Nf5
11. Na3 cxd4 12. cxd4 Bxa3 13. Rab1 a5 14. Rfd1 Rc8 15. Be3 Nxe3 16. Qxe3 O-O 17. Qd3 h6 18. Nh4 Rc7 19. f4 Rfc8 20. f5 Nxe5
0-1

[Event "8 Player Open 8"]
[Site "SchemingMind.com"]
[Date "2014.07.23"]
[Round "-"]
[White "Talis"]
[Black "SAMAEL"]
[Result "1-0"]
[WhiteCountry "LTU"]
[BlackCountry "CAN"]
[WhiteElo "2412"]
[WhiteRD "128"]
[BlackElo "1763"]
[BlackRD "52"]
[GameID "361761"]

1. d4 d5 2. c4 e6 3. Nf3 Nf6 4. Nc3 Nc6 5. Bg5 Be7 6. e3 h6 7. Bh4 a6 8. Rc1 Bd7 9. Bxf6 Bxf6 10. cxd5 exd5
11. Nxd5 Rc8 12. Qb3 b5 13. a4 Na7 14. axb5 axb5 15. Qa3 Nc6 16. Bxb5 Be7 17. Qb3 Nb8 18. Ne5 O-O 19. Bxd7 Nxd7 20. Nc6
1-0

[Event "8 Player Open 8"]
[Site "SchemingMind.com"]
[Date "2014.07.24"]
[Round "-"]
[White "SAMAEL"]
[Black "Talis"]
[Result "0-1"]
[WhiteCountry "CAN"]
[BlackCountry "LTU"]
[WhiteElo "1763"]
[WhiteRD "52"]
[BlackElo "2412"]
[BlackRD "128"]
[GameID "361762"]

1. Nf3 Nf6 2. Nc3 d5 3. d4 Bf5 4. e3 e6 5. Be2 c5 6. h3 Nc6 7. a3 Ne4 8. Bd2 Be7 9. O-O Bf6 10. Be1 Rc8
11. Rc1 Qe7 12. Na2 O-O 13. c3 c4 14. Nd2 Nxd2 15. Bxd2 Na5 16. Qa4 Nb3 17. Rfd1 a6 18. Be1 Qd6 19. Qb4 Qd7
0-1

[Event "8 Player Open 8"]
[Site "SchemingMind.com"]
[Date "2014.07.19"]
[Round "-"]
[White "Talis"]
[Black "howardjp"]
[Result "1-0"]
[WhiteCountry "LTU"]
[BlackCountry "USA"]
[WhiteElo "2405"]
[WhiteRD "126"]
[BlackElo "1568"]
[BlackRD "178"]
[GameID "361763"]

1. e4 e5 2. Nc3 Nf6 3. Nf3 Bc5 4. Nxe5 O-O 5. d4 Bxd4 6. Qxd4 c5 7. Qd6 b6 8. Bg5 a5 9. Ng4 Nxg4 10. Bxd8 Ba6
11. Bxb6 c4 12. Qg3 d5 13. Qxg4 d4 14. Bxd4 a4 15. Qxg7#
1-0

[Event "8 Player Open 8"]
[Site "SchemingMind.com"]
[Date "2014.07.19"]
[Round "-"]
[White "howardjp"]
[Black "Talis"]
[Result "0-1"]
[WhiteCountry "USA"]
[BlackCountry "LTU"]
[WhiteElo "1568"]
[WhiteRD "178"]
[BlackElo "2405"]
[BlackRD "126"]
[GameID "361764"]

1. e4 c5 2. Bb5 a6 3. Ba4 b5 4. Bb3 c4 5. Bxc4 bxc4 6. Nf3 d5 7. exd5 Qxd5 8. O-O Bg4 9. Nc3 Qf5 10. d4 cxd3
11. cxd3 Bxf3 12. Qxf3 Qxf3 13. gxf3 Nf6 14. a4 e6 15. Bf4 Nc6 16. Rac1 Rd8 17. Ne4 Nd4 18. Bc7 Rc8 19. b4 Ne2+ 20. Kg2 Nxc1
21. Rxc1 Nd5 22. f4 Rxc7 23. Rf1 Nxf4+ 24. Kg1 Bxb4 25. Rb1 Ke7 26. Rxb4 Rc1#
0-1

[Event "8 Player Open 8"]
[Site "SchemingMind.com"]
[Date "2014.07.21"]
[Round "-"]
[White "Talis"]
[Black "emvarela"]
[Result "1-0"]
[WhiteCountry "LTU"]
[BlackCountry "ARG"]
[WhiteElo "2413"]
[WhiteRD "131"]
[BlackElo "1627"]
[BlackRD "46"]
[GameID "361794"]

1. d4 Nf6 2. Bg5 Ne4 3. Bf4 d5 4. e3 Nc6 5. Bb5 Bd7 6. Nd2 Nxd2 7. Qxd2 e6 8. Nf3 a6 9. Bd3 Bd6 10. Bg3 Bxg3
11. hxg3 Qf6 12. O-O-O O-O-O 13. Qc3 h6 14. Kb1 Rhe8 15. Rh5 Na7 16. g4 g5 17. Rdh1 Rh8 18. Ne5 Nc6 19. Nxd7 Rxd7 20. f4 gxf4
21. g5 Qe7 22. Bxa6 bxa6 23. Qxc6 Rdd8 24. Qxa6+ Kb8 25. exf4 Qb4 26. c3 Qb6 27. Qxb6+ cxb6 28. gxh6 f6 29. Re1 Rde8 30. g4 Kc7
31. g5
1-0

[Event "8 Player Open 8"]
[Site "SchemingMind.com"]
[Date "2014.07.21"]
[Round "-"]
[White "emvarela"]
[Black "Talis"]
[Result "0-1"]
[WhiteCountry "ARG"]
[BlackCountry "LTU"]
[WhiteElo "1633"]
[WhiteRD "47"]
[BlackElo "2412"]
[BlackRD "128"]
[GameID "361795"]

1. e4 c5 2. Nf3 d6 3. d4 cxd4 4. Nxd4 Nf6 5. Nc3 a6 6. Bg5 e6 7. f4 Qc7 8. Qf3 b5 9. O-O-O b4 10. e5 Bb7
11. Qe3 Ng4 12. exd6 Qxc3 13. Qxc3 bxc3 14. Bh4 Nd7 15. Be2 Ne3 16. Rd3 Nxg2 17. Bg3 Nxf4 18. Bxf4 Bxh1 19. Rxc3 e5
0-1

[Event "8 Player Open 8"]
[Site "SchemingMind.com"]
[Date "2014.07.21"]
[Round "-"]
[White "emvarela"]
[Black "Scooter"]
[Result "0-1"]
[WhiteCountry "ARG"]
[BlackCountry "USA"]
[WhiteElo "1686"]
[WhiteRD "48"]
[BlackElo "1761"]
[BlackRD "48"]
[GameID "361796"]

1. Nf3 Nf6 2. g3 g6 3. Bg2 Bg7 4. O-O O-O 5. d4 d6 6. c3 Bg4 7. Bf4 Nbd7 8. Nbd2 Bxf3 9. Nxf3 Re8 10. Qc2 c6
11. e4 e5 12. dxe5 dxe5 13. Bg5 Qc7 14. Rfe1 h6 15. Bxf6 Nxf6 16. Rad1 Rad8 17. Rxd8 Rxd8 18. Rd1 Rxd1+ 19. Qxd1 Nxe4 20. Qe2 Nc5
21. Qc4 Ne6 22. Nd2 Qd7 23. Ne4 b5 24. Qe2 a6 25. Qd2 Qxd2 26. Nxd2 c5 27. Bb7 Nc7 28. Ne4 Bf8 29. Nf6+ Kg7 30. Nd7 Bd6
31. Nb6 f5 32. Nd5 Nxd5 33. Bxd5 e4 34. Kf1 Kf6 35. Ke2 Ke5 36. Bf7 g5 37. Be8 b4 38. Ke3 f4+ 39. Ke2 a5 40. f3 exf3+
41. Kxf3 fxg3 42. hxg3 Kd5 43. Bf7+ Ke5 44. Ke3 Kf6 45. Bh5 Bxg3 46. Ke4 Be1 47. cxb4 cxb4 48. b3 Bc3 49. Kf3 Ke5 50. Ke3 Bb2
51. Kf3 Kd4 52. Kg4 Kc3 53. Bg6 Bc1 54. Kh5 Kb2 55. Kxh6 Kxa2 56. Bf7 Ka3 57. Kh5 a4 58. bxa4 Kxa4
0-1

[Event "8 Player Open 8"]
[Site "SchemingMind.com"]
[Date "2014.07.21"]
[Round "-"]
[White "Scooter"]
[Black "emvarela"]
[Result "0-1"]
[WhiteCountry "USA"]
[BlackCountry "ARG"]
[WhiteElo "1752"]
[WhiteRD "44"]
[BlackElo "1627"]
[BlackRD "46"]
[GameID "361797"]

1. d4 c5 2. Nf3 d5 3. e3 e6 4. c3 cxd4 5. cxd4 Bb4+ 6. Bd2 Bxd2+ 7. Nbxd2 Nc6 8. Bb5 Bd7 9. O-O Nge7 10. a3 O-O
11. Rc1 a6 12. Bxc6 Bxc6 13. Ne5 f6 14. Nxc6 Nxc6 15. b4 Rc8 16. Nb3 b6 17. Qg4 Qd6 18. Rc2 f5 19. Qe2 b5 20. Rfc1 Ne7
21. Nc5 Rc6 22. h3 Rfc8 23. Qh5 g6 24. Qg5 Kg7 25. Nb7 Rxc2 26. Rxc2 Qd7 27. Nc5 Qd6 28. Nxe6+ Qxe6 29. Rxc8 Nxc8
0-1

[Event "8 Player Open 8"]
[Site "SchemingMind.com"]
[Date "2014.07.22"]
[Round "-"]
[White "emvarela"]
[Black "simpet"]
[Result "0-1"]
[WhiteCountry "ARG"]
[BlackCountry "ENG"]
[WhiteElo "1686"]
[WhiteRD "48"]
[BlackElo "1690"]
[BlackRD "61"]
[GameID "361798"]

1. e4 e5 2. Nf3 Nc6 3. Bb5 d6 4. d4 Bd7 5. Nc3 a6 6. Bxc6 Bxc6 7. d5 Bd7 8. O-O Nf6 9. Bg5 Be7 10. Bxf6 Bxf6
11. Ne2 O-O 12. c4 b5 13. b3 c5 14. Ng3 Be7 15. cxb5 axb5 16. Qc2 b4 17. Rfc1 Bg5 18. Nxg5 Qxg5 19. Qd3 h5 20. Qe3 Qxe3
21. fxe3 g6 22. Rc2 h4 23. Ne2 g5 24. a4 f5 25. exf5 Rxf5 26. Rf1 Raf8 27. Rxf5 Bxf5 28. Ra2 Be4 29. Rd2 g4 30. Nc1 g3
31. hxg3 hxg3 32. a5 Ra8 33. Ra2 Bxd5 34. a6 Kf7 35. a7 Ke6 36. Ra6 Kd7 37. Ne2 Rg8 38. Nxg3 Rxg3 39. a8=Q Bxa8 40. Rxa8 Rxe3
41. Ra7+ Ke6
0-1